Agricultural Production, Sustainable Food System and Food (non)Waste

Poľnohospodárstvo je najdôležitejšie odvetvie ekonomiky. Je ovplyvňované prírodnými procesmi, no aj zásahmi človeka do prírody najmä rapídnou urbanizáciou. Iným faktorom je globalizácia, nárast počtu obyvateľov a tlak na rast potravinových dodávateľských reťazcov. Produkcia stále väčšieho množstva p...

Ausführliche Beschreibung

Gespeichert in:
Bibliographische Detailangaben
1. Verfasser: Vidová, Jarmila, 1967-
Format: Buchkapitel
Sprache:Englisch
Schlagworte:
Tags: Tag hinzufügen
Keine Tags, Fügen Sie das erste Tag hinzu!

MARC

LEADER 00000naa$a2200000$$$4500
001 0299885
005 20240502084012.8
041 0 |a eng 
044 |a CZ 
245 1 0 |a Agricultural Production, Sustainable Food System and Food (non)Waste  |c Jarmila Vidová 
520 |a Poľnohospodárstvo je najdôležitejšie odvetvie ekonomiky. Je ovplyvňované prírodnými procesmi, no aj zásahmi človeka do prírody najmä rapídnou urbanizáciou. Iným faktorom je globalizácia, nárast počtu obyvateľov a tlak na rast potravinových dodávateľských reťazcov. Produkcia stále väčšieho množstva potravín pre uspokojenie základnej potreby 8 mld. obyvateľov, malo a má stále vplyv na zintenzívňovanie poľnohospodárskej produkcie. Zvýšená produkcia potravín sa nevyhla nárastu používania pesticídov, čo malo vplyv na pôdne zdroje, pôdnu biodiverzitu a neplánovaným spôsobom aj na našu stravu. Nárast produkcie zároveň zabezpečil lepšiu cenovú dostupnosť potravín. Intenzívne poľnohospodárstvo vyvíja na krajinu a pôdu výrazný tlak napríklad v podobe kontaminácie, erózie a zhutňovania zapríčineného ťažkými poľnohospodárskymi strojmi. V celej Únii tvorí až šesť percent emisií CO2. 
610 2 0 |a poľnohospodárstvo 
610 2 0 |a poľnohospodárstvo ekologické 
610 2 0 |a potreba pôdy 
610 2 0 |a potraviny 
610 2 0 |a produkcia 
610 2 0 |a globalizácia 
610 2 0 |a odpad 
100 1 |a Vidová, Jarmila, 1967-